000 00934nas a2200301 4500
001 BR2011001610
003 BR-BrBNA
005 20231205114527.0
007 ta
008 230509b bl.|||p| |||| 00| 00por d
040 _aBR-BrBNA
_bpor
_cBiblioteca Nacional de Agricultura
041 _a(Pt)
072 _aQ03
100 1 _aMoura Neto, L.G. de
100 1 _aAmaral, D.S. do
100 1 _aAmaral, D.S. do
245 1 _aQualidade microbiológica de frutas minimamente processadas comercializadas em supermercados de Limoeiro do Norte, CE
650 _aFRUTA
650 _aPROCESSAMENTO MÍNIMO
650 _aCONTROLE DE QUALIDADE
650 _aCONTAMINAÇÃO
650 _aCOLIFORME
650 _aBACTÉRIA
650 _aCEARÁ
773 0 _tHigiene Alimentar (Brazil)
_xISSN 0101-9171
_g(Sep-Oct 2010), v. 24(188-189) p. 184-188
_wBR2011001610
909 _a202311
_bLúcia
_c55
_dLúcia Elande
942 _2AGRIS
_n0
_cANA
999 _c209179
_d209179